000 01603nam a22002297a 4500
999 _c60123
_d60123
003 Ge_BSU
005 20230609171749.0
008 230609s1981 ge ||||| |||| 00| 0 geo d
041 _ageo
080 _a94(479.22) ო-52
100 _aორბელიანი, პაპუნა
_918611
245 _aამბავნი ქართლისანი /
_cპაპუნა ორბელიანი; ტექსტი დაადგინა, შესავალი, ლექსიკონი და საძიებლები დაურთო ე. ცაგარეიშვილმა.
264 _aთბილისი :
_bმეცნიერება,
_c1981.
300 _a282 გვ. ;
_b21 სმ.
490 _aსაქართველოს ისტორიის წყაროები; 25 ქართული საისტორიო მწერლობის ძეგლები / საქ. სსრ მეცნ. აკად., საქ. ისტორიის წყაროების კომისია; 3
501 _aლექსიკონი: გვ. 255-267; სახელთა საძიებლები: გვ. 268-282.
520 _aრეზ. რუს. და ინგლ.
653 _aსაქართველოს ახალი ისტორია
653 _aქართული საისტორიო მწერლობის ძეგლები
700 _aცაგარეიშვილი, ე.
_eტექსტის ავტორი
_918612
942 _2udc
_cBK